Nordic Geography By Letter - B - Statistics

General Stats
  • This quiz has been taken 74 times
  • The average score is 7 of 14
Answer Stats
Hint Answer % Correct
Norway's second-biggest city Bergen
92%
Sea that borders Denmark, Finland, and Sweden Baltic Sea
89%
Gulf between Sweden and Finland Gulf of {Bothnia}
73%
The gyrfalcon is Iceland's national ____ Bird
65%
National flower of Sweden {Blue}bell
54%
Island owned by Denmark, located under Sweden Bornholm
43%
Sea located north of Norway Barents Sea
40%
Minor island belonging to Svalbard archipelago (hint: a large mammal) Bear Island
40%
Birthplace of Lego Billund
38%
Black-and-white broadleaf tree commonly found in the Nordic Birch
33%
Northernmost volcano in the World {Beeren}berg
30%
Norwegian island in the Antarctic Ocean Bouvet Island
27%
Municipality near Copenhagen, home of a well-known football club Brøndby
22%
Largest city in Dalarna County, Sweden Borlänge
11%
No matching quizzes found
Score Distribution
Percent of People with Each Score
Percentile by Number Answered
Your Score History
You have not taken this quiz